| 000 | 00429cam a2200181ua 4500 | ||
|---|---|---|---|
| 020 | _c2.50 | ||
| 041 |
_ahin _h |
||
| 082 |
_a891.43 _bSUM/RA |
||
| 100 | _aSumitrananda, Pant. | ||
| 245 |
_aRashmi Bandh / _cSumitranand Pandh. _hTextual Documents |
||
| 250 |
_a3 / _b. |
||
| 260 |
_aDelhi : _bRajkamal Prakashan , _c1961. |
||
| 300 | _a144 ; . | ||
| 365 | _a2.50 | ||
| 504 | _a | ||
| 942 | _cBK | ||
| 999 |
_c12747 _d12747 |
||